Kính vạn hoa T.2
Đã lưu trong:
| 主要作者: | |
|---|---|
| 格式: | 圖書 |
| 出版: |
Hà Nội
Kim Đồng
2019
|
| 主題: | |
| 標簽: |
添加標簽
沒有標簽, 成為第一個標記此記錄!
|
| Thư viện lưu trữ: | Trung tâm Học liệu Lê Vũ Hùng, Trường Đại học Đồng Tháp |
|---|
| LEADER | 00710pam a22002298a 4500 | ||
|---|---|---|---|
| 001 | 00045441 | ||
| 005 | 20200506150504.0 | ||
| 008 | 170627s2016 ||||||Viesd | ||
| 020 | # | # | |c 69000 |a 978604214115 4 |
| 041 | 0 | # | |a Vie |
| 082 | 1 | 4 | |b K312V |a 895. 922 3 |
| 100 | 1 | # | |a Nguyễn, Nhật Ánh |
| 245 | 1 | 0 | |c Nguyễn Nhật Ánh |a Kính vạn hoa |n T.2 |
| 250 | # | # | |b Tái bản lần thứ 18 |
| 260 | # | # | |b Kim Đồng |c 2019 |a Hà Nội |
| 300 | # | # | |a 336tr. |c 21cm. |
| 653 | # | # | |a Việt Nam |
| 653 | # | # | |a Văn học thiếu nhi |
| 653 | # | # | |a truyện |
| 852 | # | # | |j KD.0026713 |
| 910 | # | # | |d 6/5/2020 |
| 980 | # | # | |a Trung tâm Học liệu Lê Vũ Hùng, Trường Đại học Đồng Tháp |